Multicarrier techniques for 4G mobile communications (EBOOK) (Record no. 215689)

000 -LEADER
fixed length control field 01142 a2200217 4500
003 - CONTROL NUMBER IDENTIFIER
control field Nust
005 - DATE AND TIME OF LATEST TRANSACTION
control field 20170207170817.0
010 ## - LIBRARY OF CONGRESS CONTROL NUMBER
LC control number 2003048095
020 ## - INTERNATIONAL STANDARD BOOK NUMBER
International Standard Book Number 1580534821 (alk. paper)
040 ## - CATALOGING SOURCE
Transcribing agency Nust
082 00 - DEWEY DECIMAL CLASSIFICATION NUMBER
Classification number 621.382
100 1# - MAIN ENTRY--PERSONAL NAME
Personal name Hara, Shinsuke.
245 10 - TITLE STATEMENT
Title Multicarrier techniques for 4G mobile communications (EBOOK)
Statement of responsibility, etc. Shinsuke Hara, Ramjee Prasad.
260 ## - PUBLICATION, DISTRIBUTION, ETC.
Place of publication, distribution, etc. Boston, MA :
Name of publisher, distributor, etc. Artech House,
Date of publication, distribution, etc. 2003.
300 ## - PHYSICAL DESCRIPTION
Extent xvii, 240 p. :
Other physical details ill. ;
Dimensions 24 cm.
440 #0 - SERIES STATEMENT/ADDED ENTRY--TITLE
Title Artech House universal personal communications series
505 ## - FORMATTED CONTENTS NOTE
Formatted contents note Introduction. Characteristics of Multipath Fading Channels. Principle and History of MCM/OFDM. OFDM Characteristics. Pilot-Assisted DFT Window Timing/Frequency Offset Synchronization and Subcarrier Recovery. Blind Maximum Likelihood-Based Joint DFT Window Timing/Frequency Offset/DFT Window Width Estimation. Coded OFDM Scheme to Gain Frequency Diversity Effect. Applications of OFDM. Combination of OFDM and CDMA. Future Research Directions. List of Abbreviations. List of Keywords.
650 #0 - SUBJECT ADDED ENTRY--TOPICAL TERM
Topical term or geographic name entry element Carrier waves.
650 #0 - SUBJECT ADDED ENTRY--TOPICAL TERM
Topical term or geographic name entry element Universal Mobile Telecommunications System.
700 1# - ADDED ENTRY--PERSONAL NAME
Personal name Prasad, Ramjee.
942 ## - ADDED ENTRY ELEMENTS (KOHA)
Source of classification or shelving scheme
Koha item type Book
Holdings
Withdrawn status Lost status Source of classification or shelving scheme Damaged status Not for loan Collection code Permanent Location Current Location Date acquired Total Checkouts Full call number Barcode Date last seen Price effective from Koha item type
            Military College of Signals (MCS) Military College of Signals (MCS) 12/12/2016   621.382 HAR MCSEB-3369 12/08/2016 12/12/2016 Book
© 2023 Central Library, National University of Sciences and Technology. All Rights Reserved.